Undeclared war, 1940-41 (Record no. 479934)

000 -LEADER
fixed length control field 00425cam a22001337a 4500
008 - FIXED-LENGTH DATA ELEMENTS--GENERAL INFORMATION
fixed length control field 180718b1953 xxu||||| |||| 00| 0 eng d
082 ## - DEWEY DECIMAL CLASSIFICATION NUMBER
Classification number Dx73 L262u
100 ## - MAIN ENTRY--PERSONAL NAME
Personal name Langer, William L.
245 ## - TITLE STATEMENT
Title Undeclared war, 1940-41
Statement of responsibility, etc. by William L. Langer and S.Everett Gleason
260 ## - PUBLICATION, DISTRIBUTION, ETC.
Place of publication, distribution, etc. New York
Name of publisher, distributor, etc. Harper for Council on Foreign Relations
Date of publication, distribution, etc. 1953
300 ## - PHYSICAL DESCRIPTION
Extent 963p.
650 ## - SUBJECT ADDED ENTRY--TOPICAL TERM
Topical term or geographic name entry element USA - Foreign Relations
700 ## - ADDED ENTRY--PERSONAL NAME
Personal name Gleason, S. Everett
Holdings
Withdrawn status Lost status Damaged status Not for loan Permanent Location Current Location Date acquired Full call number Barcode Date last seen Price effective from Koha item type
        Indian Institute of Public Administration Indian Institute of Public Administration 2018-08-04 Dx73 L262u GR811 2018-08-04 2018-08-04 GR

Powered by Koha